000 00771nam a22002537a 4500
005 20130717130646.0
010 _aENG-104284
020 _a9781259002342
_c195.00
020 _a1259002349
_c195.00
035 _aEN -87817
035 _aB-491135-145
037 _bDBAD/PUB
037 _bBSB/Ven
_adpl
082 _a005.133
100 _aMcGrath, Mike
245 _aC++ programming in easy steps /
_cby Mike McGrath
250 _a4th ed
260 _aNew Delhi
_bTata McGraw Hill
_c2011
270 _a7 West Patel Nagar
_bNew Delhi
_e110008
300 _a192p. :
_c24cm(pbk)
_bill.
500 _aIncludes index
942 _2ddc
_cEN
_mMCG
_h005.133
999 _c58963
_d58963